000 00614nam a2200241 a 4500
001 nice12345678
003 IN_TiNIC
005 20260116014145.0
008 050524s2002 dela grp 000 0 eng
020 _a8170993
_c495
082 0 0 _a306.0899145
_bSEN1
100 _aSengupta, Sarthak
245 _aTribal Studies in North East India
260 _aDelhi
_bMittal Publication
_c2002
300 _a240p
500 _aincludes index and biblioraphy
505 2 _aIndex
650 _aTribes-India-North East
700 1 _aSengupta, Sarthak
902 _bSRS
942 _cBK
999 _c14123
_d14123